Understanding in mathematics
Αποθηκεύτηκε σε:
| Κύριος συγγραφέας: | |
|---|---|
| Μορφή: | Βιβλίο |
| Γλώσσα: | English |
| Δημοσίευση: |
London :
The Falmer Press,
1994
|
| Σειρά: | Studies in mathematics education series
|
| Θέματα: | |
| Ετικέτες: |
Προσθήκη ετικέτας
Δεν υπάρχουν, Καταχωρήστε ετικέτα πρώτοι!
|
MARC
| LEADER | 00000nam a2200000 i 4500 | ||
|---|---|---|---|
| 001 | 1/95477 | ||
| 008 | 991207s1994 eng d | ||
| 020 | |a 0-7507-0334-2 | ||
| 035 | |l 10055335 | ||
| 040 | |a GR-MY-UA |b gre |e aacr | ||
| 041 | 0 | |a eng | |
| 082 | 0 | |a 370.15651 | |
| 100 | 1 | |a Sierpinska, Anna. | |
| 245 | 1 | 0 | |a Understanding in mathematics / |c Anna Sierpinska |
| 260 | |a London : |b The Falmer Press, |c 1994 | ||
| 300 | |a 189 p. | ||
| 490 | 1 | |a Studies in mathematics education series | |
| 650 | 0 | 0 | |a Mathematics |x Study and teaching |x Psychology. |
| 650 | 0 | 0 | |a Comprehension. |
| 830 | 0 | |a Studies in mathematics education series | |
| 852 | |a INST |b RHODES |e 19991207 |h 370.15651 SIE |p 005400014203 |q 005400014203 |t BK |y 0 | ||
| 901 | |a BIBL4-1999-3 | ||
| 909 | |a Ρ |b 069309 | ||
| 922 | |a 4ΕΛΗ |b 199910 |c ΚΠΣ/154 |d GLORY BOOKS | ||
| 970 | |a ΚΟΥΛΑΚΙΟΤΗ |b ΛΙΤΣΑ |z 1999/12/07 | ||